| 000 | 01153nam a22002537a 4500 | ||
|---|---|---|---|
| 005 | 20141204155038.0 | ||
| 008 | 141126b2012 ck |||||r|||| 00| 0 spa d | ||
| 020 | _a9789588731322 | ||
| 040 | _cCO-BoIH | ||
| 041 | _aspa | ||
| 044 | _ack | ||
| 090 |
_aEA _b00166 |
||
| 100 | 1 |
_aCárdenas-Navas, Ana María _929223 |
|
| 245 | 1 |
_aPrograma Reverdece la Vida : _bExperiencia pedagógica en biodiversidad y diversidad cultural, en el marco de la Educación Ambiental del Distrito Capital _cAna María, Cárdenas-Navas... (et al.) |
|
| 260 |
_aBogotá D.C : _bJardín Botánico José Celestino Mutis, _bSecretaría de Educación del Distrito, _bAlcaldía Mayor de Bogotá D.C, _c2012. |
||
| 300 |
_a191 pag. _bFot (col.), tab. _c28 cm. _eCD-rom |
||
| 504 | _aIncluye referencias bibliográficas (pag 185-189) | ||
| 650 | 4 |
_aMétodos de Enseñanza _xInnovaciones Educativas _929885 |
|
| 650 | 4 |
_aGestión Ambiental _xProyectos Ambientales Escolares _929886 |
|
| 650 | 4 |
_aProtección de los Recursos Naturales _xEnseñanza _929887 |
|
| 700 |
_aGuevara-González, Gloria Diva _929227 |
||
| 700 |
_aMartínez, César David _eFot. _929228 |
||
| 942 |
_2z _cLIBRO |
||
| 999 |
_c8828 _d8828 |
||